Role of Buddhism in Indian Civilization (Record no. 15041)

MARC details
000 -LEADER
fixed length control field 00540nam a2200217 a 4500
020 ## - INTERNATIONAL STANDARD BOOK NUMBER
ISBN 9788184113266
082 00 - DEWEY DECIMAL CLASSIFICATION NUMBER
Classification number 294.39
Author Cutter RAN
100 ## - MAIN ENTRY--AUTHOR NAME
Author name Rana, Ganesh
245 ## - TITLE STATEMENT
Title Role of Buddhism in Indian Civilization
260 ## - PUBLICATION, DISTRIBUTION, ETC. (IMPRINT)
Place of publication New Delhi
Name of publisher Sonali Pubs.
Year of publication 2011
300 ## - PHYSICAL DESCRIPTION
Number of Pages 272p
500 ## - GENERAL NOTE
General note includes index and biblioraphy
942 ## - ADDED ENTRY ELEMENTS (KOHA)
Koha item type Books
700 1# -
-- Rana, Ganesh
Holdings
Collection code Home library Current library Date acquired Cost, normal purchase price Full call number Accession Number Koha item type
  Henry Martyn Institute Library Henry Martyn Institute Library 10/05/2011 950.00 294.39 RAN 023685 Books
                   Copyright © 2026 | Henry Martyn Institute | Hyderabad | TS-500052 | INDIA | Implemented by hmi.edu.in
Hit-Count:

Powered by Koha